[Event "LAT-ch"]
[Site "Riga"]
[Date "2013.04.19"]
[Round "8"]
[White "Visockis, Janis"]
[Black "Rasa, Gints"]
[Result "0-1"]
[WhiteElo "2144"]
[BlackElo "2085"]
[PlyCount "68"]
[EventDate "2013.04.13"]
[EventType "swiss"]
[EventRounds "9"]
[EventCountry "LAT"]
[SourceTitle "CBM 154 Extra"]
[Source "ChessBase"]
[SourceDate "2013.06.25"]
[SourceVersion "2"]
[SourceVersionDate "2013.06.25"]
[SourceQuality "1"]

1. b3 e5 2. Bb2 Nc6 3. c4 Nf6 4. e3 d5 5. cxd5 Qxd5 6. Nc3 Qd6 7. d3 Bg4 8. Nf3 0-0-0 9. a3 Qe6 10. Qc2 Nd5 11. h3 Bxf3 12. gxf3 f5 13. h4 Nxc3 14. Bxc3 Nd4 15. Bxd4 exd4 16. e4 Kb8 17. Bh3 g6 18. b4 Rd6 19. Qe2 Bh6 20. h5 Bf4 21. exf5 Qf7 22. Kf1 gxf5 23. Re1 Qxh5 24. Bg2 Qg6 25. Qe7 Rg8 26. Bh3 Rc6 27. Qd7 Be3 28. Qxf5 Rc2 29. Re2 Rc1+ 30. Re1 Qc6 31. fxe3 Rxe1+ 32. Kxe1 Qc1+ 33. Ke2 Qxh1 34. exd4 Qh2+ 0-1

[Event "EU-ch Seniors 12th"]
[Site "Kaunas"]
[Date "2012.08.26"]
[Round "9"]
[White "Golcman, Evgeny"]
[Black "Visockis, Janis"]
[Result "1-0"]
[WhiteElo "2330"]
[BlackElo "2155"]
[PlyCount "45"]
[EventDate "2012.08.18"]
[EventType "swiss"]
[EventRounds "9"]
[EventCountry "LTU"]
[SourceTitle "CBM 150 Extra"]
[Source "ChessBase"]
[SourceDate "2012.10.19"]
[SourceVersion "1"]
[SourceVersionDate "2012.10.19"]
[SourceQuality "1"]

1. c4 c6 2. g3 d5 3. Qc2 Nf6 4. Bg2 e5 5. d3 Bd6 6. Nf3 0-0 7. 0-0 h6 8. Nbd2 Re8 9. e4 dxe4 10. dxe4 Qe7 11. Nh4 g6 12. Nb3 Kh7 13. Rd1 Ng8 14. Be3 Be6 15. Nf5 Bxf5 16. exf5 Na6 17. fxg6+ fxg6 18. Be4 Kg7 19. Bxg6 Red8 20. Bh5 Qe6 21. Qe4 Bf8 22. Bf4 Kf6 23. Bxe5+ 1-0

[Event "EU-ch Seniors 12th"]
[Site "Kaunas"]
[Date "2012.08.25"]
[Round "8"]
[White "Visockis, Janis"]
[Black "Hohler, Peter"]
[Result "1-0"]
[WhiteElo "2155"]
[BlackElo "2201"]
[PlyCount "81"]
[EventDate "2012.08.18"]
[EventType "swiss"]
[EventRounds "9"]
[EventCountry "LTU"]
[SourceTitle "CBM 150 Extra"]
[Source "ChessBase"]
[SourceDate "2012.10.19"]
[SourceVersion "1"]
[SourceVersionDate "2012.10.19"]
[SourceQuality "1"]

1. f4 d5 2. e3 Nf6 3. Nf3 Bg4 4. d4 Nbd7 5. Bd3 Ne4 6. c4 e6 7. 0-0 Bxf3 8. gxf3 Nef6 9. c5 Be7 10. b4 0-0 11. a4 g6 12. Ra2 Kh8 13. Nc3 Nh5 14. Kh1 c6 15. e4 Bf6 16. Ne2 Qc7 17. f5 Bg7 18. fxe6 fxe6 19. e5 Rf7 20. f4 Raf8 21. Rg1 Rd8 22. f5 gxf5 23. Bg5 Rb8 24. Nc1 Nhf6 25. exf6 Nxf6 26. Rag2 Ne4 27. Ne2 e5 28. dxe5 Bxe5 29. Bxe4 fxe4 30. Be3 Rf3 31. Qc1 Rh3 32. Bd4 Bxd4 33. Nxd4 Qe5 34. Qg5 Qxg5 35. Rxg5 e3 36. R5g3 Rxg3 37. Rxg3 Re8 38. Nf5 d4 39. Nxd4 Rf8 40. Rg1 h6 41. Nf3 1-0

[Event "EU-ch Seniors 12th"]
[Site "Kaunas"]
[Date "2012.08.20"]
[Round "3"]
[White "Visockis, Janis"]
[Black "Lindblom, Roar"]
[Result "1-0"]
[WhiteElo "2155"]
[BlackElo "1920"]
[PlyCount "79"]
[EventDate "2012.08.18"]
[EventType "swiss"]
[EventRounds "9"]
[EventCountry "LTU"]
[SourceTitle "CBM 150 Extra"]
[Source "ChessBase"]
[SourceDate "2012.10.19"]
[SourceVersion "1"]
[SourceVersionDate "2012.10.19"]
[SourceQuality "1"]

1. f4 d5 2. e3 c5 3. b3 e6 4. Bb2 Nf6 5. Nf3 Be7 6. Bb5+ Bd7 7. a4 a6 8. Bxd7+ Nbxd7 9. Qe2 0-0 10. 0-0 Ne4 11. d3 Nd6 12. e4 b6 13. Nbd2 d4 14. g4 e5 15. Nxe5 Nxe5 16. fxe5 Nb7 17. Nf3 Bg5 18. Kh1 Na5 19. Nxg5 Qxg5 20. Rf5 Qe7 21. Raf1 Rae8 22. Bc1 Nc6 23. Bf4 Qe6 24. h4 Ne7 25. h5 Nxf5 26. gxf5 Qc6 27. f6 g6 28. Rg1 b5 29. axb5 axb5 30. Qh2 Qe6 31. Rg3 Ra8 32. Qh4 Ra1+ 33. Kh2 Ra2 34. Rg2 c4 35. bxc4 bxc4 36. Qg5 Kh8 37. Qh6 Rg8 38. hxg6 fxg6 39. Kg3 cxd3 40. Qxh7+ 1-0

[Event "LAT-ch"]
[Site "Riga"]
[Date "2012.05.03"]
[Round "7"]
[White "Visockis, Janis"]
[Black "Marutkins, Olegs"]
[Result "0-1"]
[WhiteElo "2161"]
[BlackElo "1970"]
[PlyCount "78"]
[EventDate "2012.04.29"]
[EventType "swiss"]
[EventRounds "9"]
[EventCountry "LAT"]
[SourceTitle "CBM 148 Extra"]
[Source "ChessBase"]
[SourceDate "2012.06.22"]
[SourceVersion "1"]
[SourceVersionDate "2012.06.22"]
[SourceQuality "1"]

1. b3 e5 2. Bb2 Nc6 3. e3 Nf6 4. g3 d5 5. Bg2 Bg4 6. Ne2 Qd7 7. h3 Bf5 8. d3 0-0-0 9. Nd2 Bc5 10. a3 Bb6 11. b4 a6 12. Nb3 d4 13. e4 Be6 14. Nd2 Nh5 15. Nc1 g6 16. Ncb3 Ng7 17. Qe2 Rhe8 18. 0-0-0 a5 19. b5 Na7 20. a4 Qe7 21. Nc4 Qb4 22. Qd2 Qxa4 23. Ncxa5 Nxb5 24. Nc4 Bxc4 25. dxc4 Qxc4 26. Bf1 Qc6 27. Na5 Bxa5 28. Qxa5 Nd6 29. f4 f6 30. Qa2 Qxe4 31. fxe5 fxe5 32. Bd3 Qc6 33. Rhe1 Ngf5 34. Qa5 e4 35. Bxe4 Rxe4 36. Rxe4 Qxe4 37. g4 Ne3 38. Qa8+ Kd7 39. Qa4+ Qc6 0-1

[Event "LAT-ch"]
[Site "Riga"]
[Date "2012.05.01"]
[Round "5"]
[White "Visockis, Janis"]
[Black "Tokranovs, Dmitrijs"]
[Result "1/2-1/2"]
[WhiteElo "2161"]
[BlackElo "1929"]
[PlyCount "45"]
[EventDate "2012.04.29"]
[EventType "swiss"]
[EventRounds "9"]
[EventCountry "LAT"]
[SourceTitle "CBM 148 Extra"]
[Source "ChessBase"]
[SourceDate "2012.06.22"]
[SourceVersion "1"]
[SourceVersionDate "2012.06.22"]
[SourceQuality "1"]

1. b3 d5 2. Bb2 Nf6 3. e3 g6 4. c4 c6 5. Nf3 Bg7 6. Be2 0-0 7. 0-0 Nbd7 8. d3 b6 9. Ne5 Nxe5 10. Bxe5 Bb7 11. Nd2 Rc8 12. Qc2 c5 13. Bf3 Qd7 14. Rad1 Rfd8 15. Qb2 dxc4 16. Bxb7 Qxb7 17. dxc4 Rd3 18. Nf3 Rcd8 19. Rxd3 Rxd3 20. h3 h6 21. Qb1 Qd7 22. Ba1 Qd8 23. Rc1 1/2-1/2

[Event "LAT-ch"]
[Site "Riga"]
[Date "2012.04.30"]
[Round "2"]
[White "Meijers, Viesturs"]
[Black "Visockis, Janis"]
[Result "1-0"]
[WhiteElo "2490"]
[BlackElo "2161"]
[PlyCount "56"]
[EventDate "2012.04.29"]
[EventType "swiss"]
[EventRounds "9"]
[EventCountry "LAT"]
[SourceTitle "CBM 148 Extra"]
[Source "ChessBase"]
[SourceDate "2012.06.22"]
[SourceVersion "1"]
[SourceVersionDate "2012.06.22"]
[SourceQuality "1"]

1. d4 d5 2. e3 Nf6 3. Bd3 e6 4. Nf3 Bd6 5. b3 Qe7 6. Bb2 0-0 7. 0-0 b6 8. c4 Bb7 9. a3 a6 10. Nbd2 c5 11. Qe2 h6 12. Rfe1 Nbd7 13. e4 dxe4 14. Nxe4 Nxe4 15. Bxe4 Bxe4 16. Qxe4 cxd4 17. Qxd4 e5 18. Qd5 Rad8 19. Nd4 Qg5 20. f4 Qg6 21. h3 Qg3 22. Qxd6 exd4 23. Qxd4 Nc5 24. Re3 Qg6 25. f5 Rxd4 26. fxg6 Rd7 27. gxf7+ Rfxf7 28. Rc1 Nd3 1-0